[Event "BL 0506 Solinger SG - SC Eppingen"]
[Site "?"]
[Date "2005.12.10"]
[Round "5.7"]
[White "Mann, Christian"]
[Black "Hoffmann, Michael"]
[Result "1/2-1/2"]
[WhiteElo "2464"]
[BlackElo "2443"]
[PlyCount "36"]
[EventDate "2005.??.??"]

1. e4 c5 2. c3 d5 3. exd5 Qxd5 4. d4 Nf6 5. Nf3 e6 6. Na3 a6 7. Nc4 Nbd7 8. Be2
cxd4 9. Nxd4 Be7 10. O-O Qc5 11. Bf4 e5 12. Nb3 Qc7 13. Bg3 Ne4 14. Qd3 Nxg3
15. Qxg3 g6 16. Rad1 O-O 17. Rd2 b5 18. Nca5 Rb8 1/2-1/2

[Event "BL 0506 Solinger SG - SC Eppingen"]
[Site "?"]
[Date "2005.12.10"]
[Round "5.8"]
[White "Ernst, Sipke"]
[Black "Rau, Hannes"]
[Result "1-0"]
[WhiteElo "2473"]
[BlackElo "2421"]
[PlyCount "59"]
[EventDate "2005.??.??"]

1. d4 Nf6 2. c4 e6 3. Nc3 Bb4 4. Qc2 O-O 5. a3 Bxc3+ 6. Qxc3 d6 7. Bg5 Nbd7 8.
e3 b6 9. Bd3 Ba6 10. Ne2 Rc8 11. b4 h6 12. Bh4 c5 13. dxc5 dxc5 14. b5 Bb7 15.
O-O-O Qe7 16. Rd2 a6 17. a4 axb5 18. axb5 Rfd8 19. f3 Nf8 20. Rhd1 e5 21. Bf5
Rxd2 22. Qxd2 Ra8 23. Qd6 Qxd6 24. Rxd6 Ra4 25. Bxf6 Rxc4+ 26. Kd2 gxf6 27. Nc3
Rb4 28. Rxb6 Ba8 29. Ra6 Bb7 30. Ra7 1-0

[Event "BL 0506 SV Wattenscheid - TV Tegernsee"]
[Site "?"]
[Date "2005.12.10"]
[Round "5.1"]
[White "Khenkin, Igor"]
[Black "Sargissian, Gabriel"]
[Result "1/2-1/2"]
[WhiteElo "2603"]
[BlackElo "2610"]
[PlyCount "38"]
[EventDate "2005.??.??"]

1. d4 Nf6 2. c4 e6 3. Nf3 b6 4. Nc3 Bb7 5. Bg5 Be7 6. Qc2 h6 7. Bh4 c5 8. dxc5
bxc5 9. Rd1 O-O 10. e3 a6 11. Be2 Qc7 12. O-O d6 13. Rd2 Nbd7 14. Rfd1 Rfd8 15.
Bg3 Nb6 16. Ne1 Rd7 17. b3 Rad8 18. Bf3 Bxf3 19. Nxf3 Nh5 1/2-1/2

[Event "BL 0506 SV Wattenscheid - TV Tegernsee"]
[Site "?"]
[Date "2005.12.10"]
[Round "5.4"]
[White "Holzke, Frank Dr"]
[Black "Bischoff, Klaus"]
[Result "1/2-1/2"]
[WhiteElo "2479"]
[BlackElo "2555"]
[PlyCount "46"]
[EventDate "2005.??.??"]

1. e4 c5 2. Nf3 Nc6 3. d4 cxd4 4. Nxd4 Qb6 5. Nb3 Nf6 6. Nc3 e6 7. Bd3 Be7 8.
Be3 Qc7 9. f4 d6 10. O-O a6 11. Qf3 O-O 12. Rae1 b5 13. e5 dxe5 14. fxe5 Nd7
15. Qh3 g6 16. Bh6 Bb7 17. Be4 Ncxe5 18. Bxb7 Qxb7 19. Bxf8 Rxf8 20. Kh1 Rc8
21. Nd4 b4 22. Nce2 Qb6 23. Rd1 Bf8 1/2-1/2

[Event "BL 0506 SV Wattenscheid - TV Tegernsee"]
[Site "?"]
[Date "2005.12.10"]
[Round "5.5"]
[White "Boensch, Uwe"]
[Black "Handke, Florian"]
[Result "1-0"]
[WhiteElo "2547"]
[BlackElo "2460"]
[PlyCount "148"]
[EventDate "2005.??.??"]

1. d4 d5 2. c4 c6 3. Nf3 Nf6 4. e3 a6 5. Qc2 g6 6. Bd3 Bg7 7. O-O O-O 8. b4 Bg4
9. Nbd2 Nbd7 10. Bb2 Rc8 11. h3 Bxf3 12. Nxf3 dxc4 13. Bxc4 Nd5 14. a3 Qe8 15.
Rad1 N5b6 16. Bb3 e5 17. Ng5 Qe7 18. Ne4 exd4 19. Bxd4 Bxd4 20. Rxd4 c5 21.
bxc5 Nxc5 22. Nxc5 Rxc5 23. Qb1 Rc6 24. a4 Rfc8 25. Rfd1 Qa3 26. Kh2 Qe7 27.
Rf4 Nc4 28. a5 Qc7 29. g3 Ne5 30. Qe4 Rc5 31. Rd5 Rxa5 32. Rxa5 Qxa5 33. Qxb7
Rc7 34. Qb8+ Kg7 35. Qd8 Qb6 36. Bd5 a5 37. Kg2 h6 38. h4 h5 39. Be4 Ng4 40.
Bf3 Nf6 41. Qd3 Ra7 42. e4 Qc5 43. e5 Qxe5 44. Ra4 Rc7 45. Qd2 Rc3 46. Qg5 Rc5
47. Qd2 Rb5 48. Ra2 Qc5 49. Rc2 Qb4 50. Qd8 Rc5 51. Re2 Rc1 52. Qa8 Qb1 53. Kh2
Qd3 54. Qb7 Rb1 55. Qc6 Qd4 56. Qc2 Qa1 57. Qc4 Rc1 58. Qf4 Rc3 59. Kg2 Rc1 60.
Re7 Re1 61. Rb7 Qe5 62. Qc4 Qe6 63. Qc3 Re5 64. Ra7 Qf5 65. Qc7 Ng4 66. Qc3 Nf6
67. Qc7 Ne4 68. Qd8 Qf6 69. Qc8 Nd2 70. Qc3 Nxf3 71. Qxf3 Rf5 72. Qe3 Qc6+ 73.
Kh2 Qc5 74. Qxc5 Rxc5 1-0

[Event "BL 0506 SV Wattenscheid - TV Tegernsee"]
[Site "?"]
[Date "2005.12.10"]
[Round "5.6"]
[White "Appel, Ralf"]
[Black "Hertneck, Gerald"]
[Result "1-0"]
[WhiteElo "2488"]
[BlackElo "2539"]
[PlyCount "101"]
[EventDate "2005.??.??"]

1. d4 Nf6 2. Nf3 e6 3. g3 b5 4. Bg2 Bb7 5. O-O c5 6. c3 cxd4 7. cxd4 Be7 8. a3
a6 9. Nc3 Ne4 10. Qc2 Nxc3 11. Qxc3 d6 12. Qd3 Nd7 13. Re1 Nf6 14. e4 O-O 15.
Bd2 Rc8 16. a4 Bc6 17. d5 exd5 18. exd5 Bxd5 19. axb5 axb5 20. Ra7 Be4 21. Rxe4
Nxe4 22. Qxe4 Bf6 23. h4 Bxb2 24. Ng5 g6 25. Bh3 Rc4 26. Qf3 Qf6 27. Qxf6 Bxf6
28. Nxf7 Bd4 29. Rd7 Bxf2+ 30. Kg2 Rc2 31. Be6 Re8 32. Ng5+ Rxe6 33. Rd8+ Kg7
34. Nxe6+ Kf6 35. Kxf2 Rxd2+ 36. Ke3 Rb2 37. Rxd6 Ke5 38. Rb6 Kf5 39. Nd4+ Kg4
40. Ne2 Rb3+ 41. Kf2 Rf3+ 42. Ke1 Rf5 43. Re6 g5 44. Re4+ Kf3 45. Re7 Rd5 46.
Rxh7 gxh4 47. Rxh4 Ke3 48. Rb4 Rd8 49. Rxb5 Kf3 50. Rb3+ Kg2 51. g4 1-0

[Event "BL 0506 SV Wattenscheid - TV Tegernsee"]
[Site "?"]
[Date "2005.12.10"]
[Round "5.7"]
[White "Teske, Henrik"]
[Black "Lemmers, Oscar"]
[Result "1-0"]
[WhiteElo "2487"]
[BlackElo "2425"]
[PlyCount "95"]
[EventDate "2005.??.??"]

1. e4 c5 2. Nf3 e6 3. d4 cxd4 4. Nxd4 a6 5. Be3 Nf6 6. Nd2 e5 7. N4b3 d5 8.
exd5 Nxd5 9. Qh5 Nc6 10. Bc4 b5 11. Bxd5 Qxd5 12. O-O-O g6 13. Qe2 Bf5 14. g4
Be6 15. f3 Be7 16. Ne4 Qc4 17. Qxc4 Bxc4 18. Nd6+ Bxd6 19. Rxd6 Rc8 20. Re1
Bxb3 21. axb3 O-O 22. Bc5 Rfd8 23. Red1 Rxd6 24. Rxd6 f5 25. Bb6 fxg4 26. fxg4
Nb4 27. c3 Kf7 28. Rd7+ Ke6 29. Rxh7 Nd5 30. Ba7 Nf6 31. Rg7 Nxg4 32. Rxg6+ Nf6
33. Be3 Kf5 34. Rg5+ Ke4 35. Bf2 Nd5 36. Bg3 Nf4 37. Kc2 Re8 38. b4 Ne2 39. Bf2
Rf8 40. Bc5 Re8 41. h4 Kf4 42. Rg6 Rh8 43. Be7 e4 44. Rxa6 Ng1 45. Rf6+ Ke5 46.
Rb6 Rg8 47. Rxb5+ Kf4 48. Rg5 1-0

[Event "BL 0506 SV Wattenscheid - TV Tegernsee"]
[Site "?"]
[Date "2005.12.10"]
[Round "5.8"]
[White "Straeter, Timo"]
[Black "Bromberger, Stefan"]
[Result "0-1"]
[WhiteElo "2342"]
[BlackElo "2478"]
[PlyCount "80"]
[EventDate "2005.??.??"]

1. Nf3 Nf6 2. d4 g6 3. c4 Bg7 4. Nc3 O-O 5. Bg5 c5 6. d5 d6 7. e4 Na6 8. Be2 e5
9. Nd2 h6 10. Be3 Bd7 11. g4 Nc7 12. h4 Nh7 13. a3 Rb8 14. b4 b6 15. Rc1 Qe8
16. h5 Qe7 17. Nb5 Nxb5 18. cxb5 Ng5 19. bxc5 bxc5 20. a4 f5 21. f3 fxg4 22.
fxg4 gxh5 23. Rxh5 Be8 24. Rxg5 hxg5 25. Nc4 Bg6 26. Qd3 Rf4 27. Bxf4 exf4 28.
Bf3 Bd4 29. Kd1 Qd7 30. Qb3 Re8 31. a5 Bxe4 32. Bxe4 Rxe4 33. Qd3 Qh7 34. Qb3
Qh1+ 35. Kc2 Re2+ 36. Nd2 Rxd2+ 37. Kxd2 Be3+ 38. Kd3 Qxc1 39. Qc4 Qf1+ 40. Kc3
Bd2+ 0-1

[Event "BL 0506 SG Kirchheim - SC Eppingen"]
[Site "?"]
[Date "2005.11.13"]
[Round "4.2"]
[White "Bokros, Albert"]
[Black "Postny, Evgeny"]
[Result "1/2-1/2"]
[WhiteElo "2426"]
[BlackElo "2571"]
[PlyCount "38"]
[EventDate "2005.??.??"]

1. e4 e5 2. Nf3 Nc6 3. Bb5 Nf6 4. O-O Nxe4 5. d4 Nd6 6. Bxc6 dxc6 7. Bg5 f6 8.
dxe5 fxg5 9. exd6 Bxd6 10. Re1+ Kf7 11. Qe2 Rf8 12. Qc4+ Kg6 13. Nc3 h6 14.
Rad1 Kh7 15. Ne4 Bf5 16. Nd4 Qd7 17. Nc5 Bxc5 18. Qxc5 b6 19. Nxf5 Qxf5 1/2-1/2

[Event "BL 0506 SG Kirchheim - SC Eppingen"]
[Site "?"]
[Date "2005.11.13"]
[Round "4.3"]
[White "Acs, Peter"]
[Black "Gschnitzer, Oswald Dr"]
[Result "1-0"]
[WhiteElo "2518"]
[BlackElo "2427"]
[PlyCount "81"]
[EventDate "2005.??.??"]

1. e4 e5 2. Nf3 Nc6 3. Bb5 a6 4. Ba4 Nf6 5. O-O Be7 6. Re1 b5 7. Bb3 d6 8. c3
O-O 9. h3 Na5 10. Bc2 c5 11. d4 Nd7 12. d5 Nb6 13. Nbd2 f5 14. exf5 Bxf5 15.
Bxf5 Rxf5 16. Ne4 Qd7 17. Nfg5 Bxg5 18. Bxg5 Nb7 19. Be3 Nc4 20. Bc1 a5 21. a4
b4 22. b3 Nb6 23. c4 Raf8 24. Ra2 Nc8 25. g4 Rf3 26. Ng5 R3f6 27. Qd3 Rg6 28.
Ne6 Re8 29. f4 exf4 30. Rae2 Nd8 31. Nxf4 Rxe2 32. Qxe2 Rf6 33. Nh5 Rf7 34. Bb2
Kf8 35. Qd3 Ne7 36. Qxh7 Ng8 37. Bxg7+ Rxg7 38. Rf1+ Rf7 39. Qg7+ Ke7 40. Re1+
Ne6 41. Qxg8 1-0

[Event "BL 0506 SG Kirchheim - SC Eppingen"]
[Site "?"]
[Date "2005.11.13"]
[Round "4.4"]
[White "Tompa, Janos"]
[Black "Braun, Arik"]
[Result "0-1"]
[WhiteElo "2408"]
[BlackElo "2465"]
[PlyCount "96"]
[EventDate "2005.??.??"]

1. Nf3 c5 2. e4 e6 3. d3 Nc6 4. g3 g6 5. Bg2 Bg7 6. O-O Nge7 7. c3 O-O 8. Be3
b6 9. d4 cxd4 10. Nxd4 Bb7 11. Nxc6 Bxc6 12. Qd6 Nc8 13. Qd3 b5 14. Nd2 Rb8 15.
Rad1 Qc7 16. Nb3 d6 17. Nd4 Bd7 18. f4 Nb6 19. b3 a6 20. Ne2 d5 21. Bd4 dxe4
22. Bxe4 Rbc8 23. Bxg7 Kxg7 24. Qd6 Bc6 25. Bxc6 Qxc6 26. Qe5+ Kg8 27. Rd6 Qb7
28. Rfd1 Rfe8 29. Qd4 Nd5 30. c4 bxc4 31. bxc4 Qb4 32. c5 Qa3 33. Rd2 Rb8 34.
Kf2 Rec8 35. Rd3 Qxa2 36. Rd2 Qa5 37. Rc2 Rb4 38. Rc4 Rb1 39. Nc1 Qa3 40. Qd3
Rb2+ 41. Kf3 Qa5 42. f5 Qe1 43. fxe6 Qf2+ 44. Ke4 Nf6+ 45. Ke5 Ng4+ 46. Rxg4
f6+ 47. Ke4 Rb4+ 48. Rd4 Rxc5 0-1

[Event "BL 0506 SG Kirchheim - SC Eppingen"]
[Site "?"]
[Date "2005.11.13"]
[Round "4.6"]
[White "Vonthron, Horst"]
[Black "Medvegy, Zoltan"]
[Result "0-1"]
[WhiteElo "2339"]
[BlackElo "2478"]
[PlyCount "74"]
[EventDate "2005.??.??"]

1. e4 d5 2. Nc3 dxe4 3. Nxe4 Bf5 4. Ng3 Bg6 5. d4 e6 6. Nf3 Nf6 7. h4 h6 8. Ne5
Bh7 9. Bc4 Nbd7 10. Bf4 Nb6 11. Bb3 Be7 12. Qe2 O-O 13. O-O-O a5 14. a3 a4 15.
Ba2 Nbd5 16. Bd2 c5 17. dxc5 Qc7 18. c6 bxc6 19. c4 Rab8 20. cxd5 cxd5+ 21. Bc3
Bxa3 22. Nc4 dxc4 23. bxa3 Rb5 24. Qf3 Rfb8 25. Rhe1 Nd5 26. Be5 Rb1+ 27. Bxb1
Rxb1+ 28. Kd2 Qa5+ 29. Ke2 Bd3+ 30. Qxd3 cxd3+ 31. Kf1 Rxd1 32. Rxd1 Ne3+ 33.
fxe3 Qxe5 34. Nh1 Qxe3 35. Nf2 Qe2+ 36. Kg1 d2 37. g3 e5 0-1

[Event "BL 0506 SG Kirchheim - SC Eppingen"]
[Site "?"]
[Date "2005.11.13"]
[Round "4.7"]
[White "Miltner, Arndt"]
[Black "Rudolph, Johannes"]
[Result "1/2-1/2"]
[WhiteElo "2400"]
[BlackElo "2314"]
[PlyCount "108"]
[EventDate "2005.??.??"]

1. e4 Nf6 2. e5 Nd5 3. d4 d6 4. c4 Nb6 5. exd6 cxd6 6. Nc3 g6 7. Be3 Bg7 8. Rc1
O-O 9. b3 e5 10. dxe5 dxe5 11. Qxd8 Rxd8 12. c5 N6d7 13. Nf3 Nc6 14. Bc4 h6 15.
O-O Nf8 16. Nb5 Be6 17. Nd6 Bxc4 18. Rxc4 Rd7 19. b4 Ne6 20. b5 Ncd4 21. Bxd4
exd4 22. Ne4 f5 23. Ned2 Rd5 24. Rfc1 b6 25. cxb6 axb6 26. Rc8+ Rd8 27. Rxa8
Rxa8 28. Rc6 Kf7 29. Rxb6 Rxa2 30. g3 d3 31. Nc4 Nc5 32. Rc6 d2 33. Nfxd2 Nd3
34. Rd6 Ra1+ 35. Nf1 Ne5 36. Ncd2 Bf8 37. Rd8 Bb4 38. Kg2 Bxd2 39. Nxd2 Ra2 40.
Nf3 Nxf3 41. Kxf3 Rb2 42. Rb8 g5 43. Ke3 Kg7 44. b6 g4 45. b7 Rb3+ 46. Kd4 Rb1
47. Ke5 Rb5+ 48. Ke6 Rb2 49. Kxf5 Rxf2+ 50. Kxg4 Rb2 51. Kf5 Rf2+ 52. Ke5 Rb2
53. Kd5 Rd2+ 54. Kc4 Rb2 1/2-1/2

[Event "BL 0506 SG Kirchheim - SC Eppingen"]
[Site "?"]
[Date "2005.11.13"]
[Round "4.8"]
[White "Adler, Joel Dr"]
[Black "Meinhardt, Maximillian"]
[Result "1/2-1/2"]
[WhiteElo "2318"]
[BlackElo "2372"]
[PlyCount "174"]
[EventDate "2005.??.??"]

1. d4 d5 2. c4 e6 3. Nf3 c5 4. cxd5 exd5 5. g3 Nf6 6. Bg2 Be7 7. O-O O-O 8. Be3
Ng4 9. Bf4 Nc6 10. Nc3 Be6 11. dxc5 Bxc5 12. Rc1 h6 13. Na4 Be7 14. Nd4 Nxd4
15. Qxd4 b6 16. Rfd1 Qe8 17. b3 Rd8 18. Rc7 g5 19. Bc1 Bf6 20. Qd2 Bf5 21. Ba3
b5 22. Bxf8 Qxf8 23. Nc3 Be5 24. Rc6 d4 25. Nxb5 d3 26. exd3 Bd7 27. Rc4 Bxb5
28. Rxg4 f5 29. Qe1 Qf6 30. Rc4 Bxc4 31. bxc4 Bd4 32. Rb1 Bb6 33. Bd5+ Kf8 34.
Qb4+ Qe7 35. Qxe7+ Kxe7 36. Re1+ Kf6 37. Re6+ Kg7 38. Kg2 Rb8 39. Re7+ Kf6 40.
Re6+ Kg7 41. Rc6 Bd4 42. Rc7+ Kf6 43. Bb7 Re8 44. Kf1 Re7 45. Rc6+ Re6 46. h3
Rxc6 47. Bxc6 Ke5 48. Ke2 Bc5 49. Bd7 Bd4 50. f3 f4 51. g4 Kd6 52. Bf5 Kc5 53.
Kd2 Kb4 54. Be6 Be3+ 55. Kc2 Bd4 56. Bf7 Be3 57. d4 Bxd4 58. Kd3 Kc5 59. Ke4
Bg7 60. Bd5 Bc3 61. Kf5 Kd6 62. Kg6 Be1 63. Kxh6 Bh4 64. Kg6 Ke5 65. Bf7 Kd6
66. Kf6 a5 67. Kf5 Kc5 68. Ke5 Be1 69. Ke4 Bf2 70. Be6 Be1 71. Kd3 Kd6 72. Bd5
Kc5 73. Kc2 Kb4 74. a3+ Kc5 75. Kb3 Bf2 76. Bf7 Bg3 77. Be6 Bf2 78. Ka4 Be1 79.
h4 gxh4 80. g5 Bc3 81. g6 Kb6 82. Kb3 Bg7 83. Kc2 Kc5 84. Kd3 Kd6 85. Bg4 Ke5
86. c5 Kd5 87. c6 Kxc6 1/2-1/2

[Event "BL 0506 OSC Baden Baden - TV Tegernsee"]
[Site "?"]
[Date "2005.11.13"]
[Round "4.2"]
[White "Shirov, Alexei"]
[Black "Sokolov, Andrei"]
[Result "1-0"]
[WhiteElo "2710"]
[BlackElo "2623"]
[PlyCount "79"]
[EventDate "2005.??.??"]

1. e4 c5 2. Nf3 e6 3. d4 cxd4 4. Nxd4 Nf6 5. Nc3 d6 6. g4 h6 7. Be3 a6 8. Bg2
Nc6 9. h3 Ne5 10. Qe2 g5 11. O-O-O Bd7 12. f4 gxf4 13. Bxf4 Rc8 14. Rhf1 Be7
15. Nb3 b5 16. a3 Qc7 17. Kb1 Nc4 18. Rd3 a5 19. g5 hxg5 20. Bxg5 Ng8 21. Qf2
Ne5 22. Rg3 b4 23. axb4 axb4 24. Na2 Bb5 25. Rd1 Bc4 26. Bxe7 Nxe7 27. Nxb4 Rb8
28. Qd2 Rb6 29. Bf1 Bxf1 30. Rxf1 Qc4 31. Nd3 Qxe4 32. Nxe5 Qxe5 33. Qf2 Rh7
34. Qxb6 Qxg3 35. Qb8+ Kd7 36. Nc5+ Kc6 37. Ne4 Qe5 38. Qe8+ Kb6 39. Nf6 Qe2
40. Rc1 1-0

[Event "BL 0506 OSC Baden Baden - TV Tegernsee"]
[Site "?"]
[Date "2005.11.13"]
[Round "4.3"]
[White "Ribli, Zoltan"]
[Black "Vallejo Pons, Francisco"]
[Result "1/2-1/2"]
[WhiteElo "2585"]
[BlackElo "2674"]
[PlyCount "73"]
[EventDate "2005.??.??"]

1. Nf3 g6 2. e4 Bg7 3. d4 d6 4. Be2 Nf6 5. Nc3 O-O 6. O-O c6 7. a4 a5 8. Be3
Na6 9. Nd2 Nb4 10. f4 Bh6 11. Kh1 d5 12. e5 Ne8 13. Nf3 Bf5 14. Rc1 f6 15. Qd2
Ng7 16. Nd1 Be4 17. c3 Na6 18. Nf2 Nf5 19. Ng4 Bg7 20. Bf2 Nc7 21. Ne3 Nh6 22.
Bg3 Ne6 23. h3 Qd7 24. Bh2 Nf5 25. exf6 Bxf6 26. Ne5 Bxe5 27. fxe5 Rf7 28. Kg1
Raf8 29. Ng4 Neg7 30. Nf2 h5 31. Nxe4 dxe4 32. Bc4 e6 33. Qe2 e3 34. Rcd1 h4
35. Bd3 c5 36. dxc5 Qxa4 37. Qg4 1/2-1/2

[Event "BL 0506 OSC Baden Baden - TV Tegernsee"]
[Site "?"]
[Date "2005.11.13"]
[Round "4.4"]
[White "Nielsen, Peter-Heine"]
[Black "Bischoff, Klaus"]
[Result "1/2-1/2"]
[WhiteElo "2646"]
[BlackElo "2555"]
[PlyCount "99"]
[EventDate "2005.??.??"]

1. d4 Nf6 2. c4 e6 3. g3 d5 4. Bg2 Bb4+ 5. Bd2 Be7 6. Nf3 O-O 7. O-O c6 8. Bf4
b6 9. Nc3 Bb7 10. Ne5 Nbd7 11. e4 Nxe5 12. dxe5 Nxe4 13. Nxe4 dxe4 14. Bxe4
Qxd1 15. Rfxd1 Rfd8 16. a4 Bc5 17. Be3 a5 18. Bg5 Rd4 19. Rxd4 Bxd4 20. Rd1
Bxe5 21. Rd7 Rb8 22. b3 Kf8 23. f4 Bc3 24. Be7+ Ke8 25. Rc7 Ba8 26. Kf1 c5 27.
Bxa8 Rxa8 28. Ke2 h5 29. h3 Bf6 30. Bxf6 gxf6 31. Rb7 f5 32. Ke3 Ra6 33. Kf3
Kf8 34. g4 hxg4+ 35. hxg4 Kg7 36. gxf5 exf5 37. Kg3 Kg6 38. Rc7 f6 39. Rc6 Kg7
40. Kh4 Kg6 41. Rd6 Kf7 42. Rc6 Kg6 43. Re6 Kf7 44. Rd6 Kg6 45. Rc6 Kf7 46. Kh5
Ra8 47. Rc7+ Ke6 48. Rc6+ Kf7 49. Rc7+ Ke6 50. Rc6+ 1/2-1/2

[Event "BL 0506 OSC Baden Baden - TV Tegernsee"]
[Site "?"]
[Date "2005.11.13"]
[Round "4.6"]
[White "Movsesian, Sergei"]
[Black "Kindermann, Stefan"]
[Result "1-0"]
[WhiteElo "2635"]
[BlackElo "2535"]
[PlyCount "209"]
[EventDate "2005.??.??"]

1. e4 e6 2. d4 d5 3. e5 c5 4. c3 Nc6 5. Nf3 Bd7 6. Be2 Nge7 7. Na3 Ng6 8. h4
cxd4 9. cxd4 Bb4+ 10. Kf1 Be7 11. g3 O-O 12. h5 Nh8 13. Nc2 f6 14. Bf4 Nf7 15.
Ne3 fxe5 16. dxe5 Ng5 17. h6 g6 18. Ng4 Ne4 19. Nd2 Nxf2 20. Nxf2 g5 21. Bd3
Kh8 22. Qg4 Rf7 23. Be3 d4 24. Bxd4 Nxd4 25. Qxd4 Bc6 26. Qxd8+ Rxd8 27. Ke2
Rxf2+ 28. Kxf2 Rxd3 29. Ke2 Rxg3 30. Rag1 Bb5+ 31. Kf2 Rd3 32. Ne4 Bc6 33. Rg4
Kg8 34. Rc1 Kf7 35. Nxg5+ Kg6 36. Nxh7+ Kxh7 37. Rg7+ Kxh6 38. Rxe7 Bd5 39. Rc2
Kg6 40. a3 Rf3+ 41. Ke2 Rh3 42. Ke1 Rh1+ 43. Kd2 Rh2+ 44. Kc3 Rxc2+ 45. Kxc2
Kf5 46. Kd3 Kxe5 47. Rd7 Bc6 48. Rd8 a6 49. Kc4 Kf4 50. Kd4 e5+ 51. Kd3 Bb5+
52. Kd2 Ke4 53. b3 Bc6 54. Kc3 Ke3 55. Rd3+ Kf4 56. a4 Bf3 57. Rd7 Bc6 58. Rd6
Ke3 59. Kc4 e4 60. Kc3 Kf3 61. Kd4 Ke2 62. Rf6 Kd2 63. Rf2+ Kc1 64. Rh2 Kd1 65.
a5 Kc1 66. b4 Kd1 67. Rh3 Kc2 68. Rg3 Kb2 69. Rc3 Bb5 70. Re3 Bc6 71. Rg3 Kc2
72. b5 axb5 73. Rc3+ Kd2 74. a6 bxa6 75. Rxc6 e3 76. Rxa6 e2 77. Ra2+ Kd1 78.
Ra1+ Kd2 79. Ra2+ Kd1 80. Kd3 e1=N+ 81. Kc3 Nf3 82. Rf2 Ne5 83. Rf5 Ng4 84. Kd3
Ke1 85. Rxb5 Nf2+ 86. Ke3 Nd1+ 87. Kf3 Kd2 88. Rd5+ Kc2 89. Rd8 Nc3 90. Rd7 Nb5
91. Ke3 Nc3 92. Rc7 Kb3 93. Kd3 Na2 94. Rb7+ Nb4+ 95. Kd4 Ka3 96. Kc4 Na2 97.
Rb3+ Ka4 98. Rb8 Ka3 99. Rb6 Nc1 100. Rb7 Na2 101. Rb3+ Ka4 102. Rh3 Nb4 103.
Rh8 Nc6 104. Ra8+ Na5+ 105. Kc5 1-0

[Event "BL 0506 OSC Baden Baden - TV Tegernsee"]
[Site "?"]
[Date "2005.11.13"]
[Round "4.7"]
[White "Hertneck, Gerald"]
[Black "Dautov, Rustem"]
[Result "1-0"]
[WhiteElo "2539"]
[BlackElo "2581"]
[PlyCount "85"]
[EventDate "2005.??.??"]

1. e4 c6 2. Nf3 d5 3. Nc3 Bg4 4. h3 Bxf3 5. Qxf3 e6 6. g3 Nf6 7. Bg2 Nbd7 8. d3
Bc5 9. Qe2 dxe4 10. dxe4 e5 11. O-O O-O 12. Nd1 b5 13. Ne3 g6 14. a4 a6 15. c3
Re8 16. Nc2 Bf8 17. Be3 Nc5 18. axb5 axb5 19. Nb4 Qd6 20. Qc2 Qe6 21. Rxa8 Rxa8
22. Rd1 Kg7 23. f3 Kg8 24. Kh2 Qe8 25. Qe2 Na6 26. Nd3 Nd7 27. h4 Ndc5 28. Nf2
h5 29. f4 Bh6 30. f5 Bxe3 31. Qxe3 Rd8 32. Bf3 Rxd1 33. Bxd1 Kh7 34. g4 Qd8 35.
Kg3 hxg4 36. b4 Nd7 37. Nxg4 Qf8 38. Qg5 Qd6 39. Be2 gxf5 40. exf5 e4+ 41. Kh3
Nc7 42. f6 Ne6 43. Qh5+ 1-0

[Event "BL 0506 OSC Baden Baden - TV Tegernsee"]
[Site "?"]
[Date "2005.11.13"]
[Round "4.8"]
[White "Schlosser, Philipp"]
[Black "Bromberger, Stefan"]
[Result "0-1"]
[WhiteElo "2560"]
[BlackElo "2478"]
[PlyCount "122"]
[EventDate "2005.??.??"]

1. c4 Nf6 2. Nc3 g6 3. e4 d6 4. g3 Bg7 5. Bg2 c5 6. Nge2 Nc6 7. d3 Rb8 8. O-O
a6 9. a4 O-O 10. Rb1 Bd7 11. h3 Ne8 12. Be3 Nc7 13. d4 cxd4 14. Nxd4 Nxd4 15.
Bxd4 Bxd4 16. Qxd4 a5 17. Qe3 Qc8 18. Kh2 Ne6 19. Nd5 Re8 20. e5 dxe5 21. Qxe5
Bc6 22. f4 Bxd5 23. Bxd5 Nf8 24. b4 Nd7 25. Qd4 axb4 26. Rxb4 Rd8 27. Bg2 Nc5
28. Qe3 e6 29. Rfb1 Rd3 30. Qf2 Qc7 31. a5 Rbd8 32. R1b2 Ra3 33. Rb5 Nd3 34.
Qe3 Qxc4 35. Rxb7 Rxa5 36. Rb8 Rxb8 37. Rxb8+ Kg7 38. Rd8 Ra3 39. Rd7 Rc3 40.
Bf1 Qc5 41. Qxe6 Qf2+ 42. Bg2 Qxg3+ 43. Kxg3 Nc5+ 44. Bf3 Nxe6 45. h4 Kf6 46.
f5 gxf5 47. Kf2 Nc5 48. Ra7 Nd3+ 49. Ke2 Ne5 50. Ra6+ Kg7 51. Bd5 Rh3 52. Ra4
Ng6 53. Kf2 Rxh4 54. Ra7 Ne5 55. Re7 Kf6 56. Re8 Rd4 57. Bb7 h5 58. Kg3 h4+ 59.
Kh3 Rd3+ 60. Kxh4 Ng6+ 61. Kh5 Rh3# 0-1

[Event "BL 0506 SV Wattenscheid - Godesberger S"]
[Site "?"]
[Date "2005.11.13"]
[Round "4.2"]
[White "Macieja, Bartlomiej"]
[Black "Jenni, Florian"]
[Result "1-0"]
[WhiteElo "2592"]
[BlackElo "2502"]
[PlyCount "55"]
[EventDate "2005.??.??"]

1. d4 Nf6 2. Nf3 e6 3. c4 b6 4. g3 Ba6 5. b3 Bb4+ 6. Bd2 Be7 7. Nc3 d5 8. cxd5
exd5 9. Bg2 O-O 10. O-O c5 11. Bg5 Bb7 12. dxc5 bxc5 13. Nh4 h6 14. Nxd5 Nxd5
15. Bxe7 Qxe7 16. Bxd5 Rd8 17. Nf5 Qc7 18. e4 Bxd5 19. exd5 Qe5 20. Ne3 Nd7 21.
Rc1 Rac8 22. Qf3 Nb6 23. Rfd1 Rc7 24. h4 Qe7 25. Nf5 Qe5 26. d6 Rcd7 27. Ne7+
Kh7 28. Nc6 1-0

[Event "BL 0506 SV Wattenscheid - Godesberger S"]
[Site "?"]
[Date "2005.11.13"]
[Round "4.3"]
[White "Sprenger, Jan-Michael"]
[Black "Rustemov, Alexander"]
[Result "0-1"]
[WhiteElo "2505"]
[BlackElo "2564"]
[PlyCount "126"]
[EventDate "2005.??.??"]

1. e4 c6 2. d4 d5 3. exd5 cxd5 4. c4 Nf6 5. Nc3 e6 6. Nf3 Bb4 7. cxd5 Nxd5 8.
Bd2 O-O 9. Bd3 Nc6 10. O-O Re8 11. Re1 h6 12. Qe2 Bd7 13. Qe4 f5 14. Qe2 Qf6
15. Bb5 Bd6 16. Rad1 Rad8 17. Bc1 Kh7 18. Qc2 Ncb4 19. Qa4 Bxb5 20. Qxb5 Qf7
21. Nxd5 Nxd5 22. Bd2 Qd7 23. Qxd7 Rxd7 24. Rc1 Kg6 25. Red1 Kf6 26. Ne1 Red8
27. Nd3 g5 28. f3 h5 29. Nc5 Re7 30. h3 Bf4 31. Kf2 h4 32. Nd3 Bd6 33. Nc5 Bg3+
34. Kf1 Bf4 35. Kf2 Bxd2 36. Rxd2 Nf4 37. Nb3 Red7 38. Rc4 e5 39. dxe5+ Kxe5
40. Rc5+ Kf6 41. Rxd7 Rxd7 42. Rc2 b6 43. Nc1 Ke5 44. Ke1 Rd5 45. b4 Rd4 46. a3
Rd7 47. Kf2 Rd1 48. Nb3 Rd3 49. Nd2 b5 50. Nb1 Rb3 51. Nd2 Rxa3 52. Rc5+ Ke6
53. Rxb5 Ra2 54. Ke1 Nxg2+ 55. Kd1 Ne3+ 56. Ke1 Nc2+ 57. Kd1 Nd4 58. Ra5 Rxd2+
59. Kxd2 Nb3+ 60. Ke3 Nxa5 61. bxa5 a6 62. Ke2 Kd5 63. Ke3 Kc4 0-1

[Event "BL 0506 SV Wattenscheid - Godesberger S"]
[Site "?"]
[Date "2005.11.13"]
[Round "4.5"]
[White "Breder, Dennis"]
[Black "Handke, Florian"]
[Result "0-1"]
[WhiteElo "2431"]
[BlackElo "2460"]
[PlyCount "80"]
[EventDate "2005.??.??"]

1. e4 c5 2. Nf3 e6 3. d4 cxd4 4. Nxd4 Nc6 5. Nb5 d6 6. Bf4 e5 7. Be3 a6 8. N5c3
Nf6 9. Bg5 Be7 10. Bxf6 Bxf6 11. Nd2 O-O 12. Nc4 Nd4 13. Bd3 b5 14. Ne3 Bg5 15.
Ncd5 Bb7 16. O-O Ne6 17. c3 Bxe3 18. fxe3 Bxd5 19. exd5 Nc5 20. Bc2 Qg5 21. Qe2
f5 22. a4 e4 23. axb5 axb5 24. Kh1 Rab8 25. b4 Nd7 26. Ra6 Rf6 27. Rfa1 Ne5 28.
Ra8 Rff8 29. R8a6 Qh6 30. Re1 Rf6 31. Ra5 Nc4 32. h3 Qh4 33. Kg1 Ne5 34. Rea1
Nf3+ 35. Kf1 Nh2+ 36. Kg1 Nf3+ 37. Kf1 f4 38. Bxe4 Nd2+ 39. Kg1 Nxe4 40. Ra8
Rbf8 0-1

[Event "BL 0506 SV Wattenscheid - Godesberger S"]
[Site "?"]
[Date "2005.11.13"]
[Round "4.6"]
[White "Appel, Ralf"]
[Black "Langheinrich, Ferenc"]
[Result "1-0"]
[WhiteElo "2488"]
[BlackElo "2391"]
[PlyCount "151"]
[EventDate "2005.??.??"]

1. d4 Nf6 2. Nf3 c5 3. d5 b5 4. Bg5 Ne4 5. Bh4 Qb6 6. Qd3 f5 7. Nbd2 c4 8. Qd4
Nxd2 9. Kxd2 Bb7 10. Re1 Qd6 11. Bg3 Qxd5 12. Qxd5 Bxd5 13. Nd4 g6 14. Nxb5 Na6
15. e4 fxe4 16. Nc3 Bh6+ 17. Kd1 Bf7 18. Nxe4 O-O 19. h4 Rfe8 20. Ng5 Bd5 21.
Kc1 Rac8 22. Kb1 Nb4 23. Be5 Nc6 24. Bc3 Bg7 25. Rh3 h6 26. Ne4 Bf7 27. Nc5
Red8 28. f4 d5 29. Bxg7 Kxg7 30. c3 Rd6 31. Rhe3 Nd8 32. b4 cxb3 33. Nxb3 Be6
34. Nd4 Kf6 35. Kc2 Rb6 36. Rb1 Rxb1 37. Kxb1 Bf5+ 38. Kc1 Nc6 39. Ba6 Rc7 40.
Nb5 Rd7 41. g4 Be4 42. g5+ hxg5 43. hxg5+ Kg7 44. c4 e6 45. Bc8 Re7 46. Nd6 Nd4
47. Nxe4 Nf5 48. cxd5 Nxe3 49. d6 Re8 50. Bxe6 Kf8 51. Nc5 Rd8 52. Nb7 Rb8 53.
d7 Ke7 54. d8=Q+ Rxd8 55. Nxd8 Kxd8 56. Bf7 Ng2 57. f5 Nh4 58. fxg6 Ke7 59. Kb2
Nf5 60. Ka3 Kd6 61. Kb4 Kc6 62. Ka5 Kc7 63. Ka6 Kb8 64. Kb5 Kc7 65. Kc5 Ng7 66.
Bc4 Nh5 67. Be2 Ng7 68. Bb5 Nf5 69. Kd5 Ne7+ 70. Ke5 Nxg6+ 71. Kf6 Nf4 72. g6
Kb6 73. Bf1 Kc5 74. g7 Nh5+ 75. Kf7 Nxg7 76. Kxg7 1-0